000 00523nam a2200193 a 4500
001 1772883570882
003 YourLibrary
005 20260307171105.0
008 260307s2002##################000#0#eng##
020 _a9780199251766
082 0 4 _a327
_bSTO
100 1 _aInstitute, Stockholm International Peace Research,
_eauthor.
245 1 0 _aSIPRI Yearbook 2002 :
260 _bRoutledge,
_c2002.
300 _a790 pages
650 0 _aPolitical Science.
942 _cENGLISH
040 _aYourLibrary
_beng
_cYourLibrary
999 _c617134
_d617134